| 000 | 00408nam a2200145 a 4500 | ||
|---|---|---|---|
| 001 | 789 | ||
| 003 | CDMR | ||
| 005 | 20151103110602.0 | ||
| 008 | 130130s1995||||||||||||||||||||||||||||d | ||
| 040 |
_aCDMR _bcat _cCPC LLEIDA |
||
| 110 | 2 |
_9619 _aUniversitat Pompeu Fabra |
|
| 245 | 1 | 0 |
_aDona i ciència _cUniversitat Pompeu Fabra |
| 260 |
_aBarcelona _c1995 _bObservació de la Comunicació Científica UPF |
||
| 942 | _cMON | ||
| 999 |
_c789 _d789 |
||